| 000 | 00477 a2200169 4500 | ||
|---|---|---|---|
| 003 | Nust | ||
| 005 | 20221104144729.0 | ||
| 040 | _cNust | ||
| 082 | _a510,SUL | ||
| 100 |
_aSullivan, Doyle Marjori _9102388 |
||
| 245 |
_aProgrammed Math: _bA Sullivan Associates Program, Book 2 / _cMarjori Doyle Sullivan |
||
| 250 | _aAdvanced edition | ||
| 260 |
_aCalfornia _bState Series _c1968 |
||
| 300 | _a49: p | ||
| 650 |
_aProgrammed Mathematics _9102389 |
||
| 942 |
_2ddc _cBK _k510,SUL |
||
| 999 |
_c180176 _d180176 |
||